Химия: наверстываем упущенное (Запись № 1351880)

Подробности
000 -МАРКЕР
контрольное поле 01478nam0a2200337 4500
001 - ИДЕНТИФИКАТОР ЗАПИСИ
контрольное поле RU\NLR\bibl\1143162
005 - ИДЕНТИФИКАТОР ВЕРСИИ
контрольное поле 20260421115756.0
010 ## - МЕЖДУНАРОДНЫЙ СТАНДАРТНЫЙ НОМЕР КНИГИ (ISBN)
Номер (ISBN) 978-5-360-00215-4
Тираж 4000
021 ## - НОМЕР ГОСУДАРСТВЕННОЙ РЕГИСТРАЦИИ
Код страны Российская Федерация
Номер 2007-62431
Номер Листа государственной регистраци 3334
035 ## - ДРУГИЕ СИСТЕМНЫЕ НОМЕРА
Идентификатор записи (NLR Aleph) 001130004
100 ## - ДАННЫЕ ОБЩЕЙ ОБРАБОТКИ
Данные общей обработки 20071019d2007 u y0rusy50 ca
101 0# - ЯЗЫК РЕСУРСА
Язык текста, звукозаписи и т.д. русский
102 ## - СТРАНА ПУБЛИКАЦИИ ИЛИ ПРОИЗВОДСТВА
Страна публикации Российская Федерация
105 ## - ПОЛЕ КОДИРОВАННЫХ ДАННЫХ: ТЕКСТОВЫЕ МАТЕРИАЛЫ, МОНОГРАФИЧЕСКИЕ
Кодированные данные о монографическом текстовом документе a |||||||||
200 1# - ЗАГЛАВИЕ И СВЕДЕНИЯ ОБ ОТВЕТСТВЕННОСТИ
Основное заглавие Химия: наверстываем упущенное
Сведения, относящиеся к заглавию 8-11 классы
-- дидактические материалы
Первые сведения об ответственности И.М. Титова, Е.И. Евстафьева
210 ## - ПУБЛИКАЦИЯ, РАСПРОСТРАНЕНИЕ И ДР.
Место издания, распространения и т.д. Москва
Имя издателя, распространителя и т. д. Вентана-Граф
Дата издания, распространения и т.д. 2007
215 ## - ФИЗИЧЕСКАЯ ХАРАКТЕРИСТИКА
Специфическое обозначение материала и объем 94, [1] с.
Другие сведения о физической характеристике ил.
Размеры 22
320 ## - ПРИМЕЧАНИЯ О НАЛИЧИИ В ДОКУМЕНТЕ БИБЛИОГРАФИИ / УКАЗАТЕЛЯ
Текст примечания Библиогр.: с. 93 (9 назв.)
606 1# - НАИМЕНОВАНИЕ ТЕМЫ КАК ПРЕДМЕТ
Наименование темы Химия
Формальный подзаголовок Учебные издания для средней школы
Тематический подзаголовок Самостоятельная работа учащихся
-- Средняя школа
Системный номер авторитетной/нормативной записи 2490668
Идентификатор авторитетной/нормативной записи RU\NLR\AUTH\661477876
606 1# - НАИМЕНОВАНИЕ ТЕМЫ КАК ПРЕДМЕТ
Наименование темы Химия
Формальный подзаголовок Учебные издания для средней школы
Системный номер авторитетной/нормативной записи 898913
Идентификатор авторитетной/нормативной записи RU\NLR\auth\666296
686 1# - ИНДЕКСЫ ДРУГИХ КЛАССИФИКАЦИЙ
Индекс Ч426.57-267я721-1
686 1# - ИНДЕКСЫ ДРУГИХ КЛАССИФИКАЦИЙ
Индекс Г1я721-1
700 #1 - ИМЯ ЛИЦА - ПЕРВИЧНАЯ ОТВЕТСТВЕННОСТЬ
Код отношения Автор
Графика поля Кириллица
Материалы, к которым относится поле rus
Начальный элемент ввода Титова
Часть имени, кроме начального элемента ввода И. М.
Дополнения к именам, кроме дат д-р пед. наук
Расширение инициалов личного имени Ирина Михайловна
Системный номер авторитетной/нормативной записи 45155
Идентификатор авторитетной/нормативной записи RU\NLR\auth\7762225
701 #1 - ИМЯ ЛИЦА - АЛЬТЕРНАТИВНАЯ ОТВЕТСТВЕННОСТЬ
Начальный элемент ввода Евстафьева
Часть имени, кроме начального элемента ввода Е. И.
Расширение инициалов личного имени Елена Ивановна
Код отношения Автор
801 #0 - ИСТОЧНИК ЗАПИСИ
Страна Российская Федерация
Организация NLR
Дата составления 20071019
Правила каталогизации RCR
801 #1 - ИСТОЧНИК ЗАПИСИ
Страна Российская Федерация
Организация NLR
Дата составления 20071019
942 ## - ДОПОЛНИТЕЛЬНЫЕ ЭЛЕМЕНТЫ ЗАПИСИ (АБИС)
Тип экземпляра АБИС Книга
980 ## - КОЛЛЕКЦИЯ
Название коллекции Национальная библиография
Экземпляры
Тип экземпляра Дата поступления Источник поступления Библиотека постоянного хранения Библиотека текущего хранения Место хранения Шифр хранения Штрих-код Статус экземпляра
Книга 19.10.2007 Обязательный экземпляр РНБ (Московский) РНБ (Московский) Русский книжный фонд: издания с 1957 года 2007-6/1487 2530703  
Книга 19.10.2007 Обязательный экземпляр РНБ (Московский) РНБ (Московский) Русский книжный фонд: издания с 1957 года 2007-6/1487 2530704